LaLiga Winter Transfers 25/26 - Statistics

General Stats
  • This quiz has been taken 39 times
  • The average score is 12 of 26
Answer Stats
From To Fee Nation Answer % Correct
Atalanta Atletico Madrid 35M Nigeria Ademola Lookman
100%
Al Hilal Barcelona LOAN Portugal Joao Cancelo
72%
Barcelona Girona LOAN Germany Marc-Andre Ter Stegen
72%
Real Sociedad Valencia 5M Nigeria Umar Sadiq
72%
Ajax Osasuna 5M Spain Raul Moro
63%
Elche Atletico Madrid 16M Spain Rodrigo Mendoza
63%
West Ham Valencia FREE Argentina Guido Rodriguez
59%
Seattle Sounders Atletico Madrid 3M Mexico Obed Vargas
59%
Man City Girona LOAN Argentina Claudio Echeverri
56%
Wolves Celta LOAN Spain Fer Lopez
56%
Lyon Getafe LOAN Uruguay Martin Satriano
53%
Atletico Madrid Osasuna 500k Spain Javi Galan
50%
Marseille Sevilla LOAN France Neal Maupay
50%
Atletico Madrid Rayo Vallecano LOAN Spain Cesar Martin
47%
Villarreal Rayo Vallecano LOAN Morocco Ilias Akhomach
44%
Lazio Celta FREE Uruguay Matias Vecino
44%
Celta Girona 150k Spain Fran Beltran
38%
Celta Valencia LOAN Spain Unai Nunez
38%
Sevilla Villarreal LOAN Spain Alfon Gonzalez
34%
Anderlecht Getafe LOAN Argentina Luis Vazquez
34%
Al Nassr Real Sociedad LOAN Brazil Wesley
34%
Orlando City Villarreal 3M USA Alex Freeman
31%
River Plate Getafe LOAN Uruguay Sebastian Boselli
22%
Huesca Deportivo Alaves 1M Spain Angel Perez
19%
Club Brugge Getafe LOAN Argentina Zaid Romero
16%
Angers Mallorca FREE France Justin Kalumba
9%
No matching quizzes found
Score Distribution
Percent of People with Each Score
Percentile by Number Answered
Your Score History
You have not taken this quiz